Statistics for US Cities by State A-Z

Click here to take the quiz!

General Stats

  • This quiz has been taken 1,171 times
    (1,155 since last reset)
  • The average score is 17 of 26

Answer Stats

LetterStateCity% Correct
AGeorgiaAtlanta
94%
DColoradoDenver
94%
HHawaiiHonolulu
89%
OOklahomaOklahoma City
82%
PPennsylvaniaPhiladelphia
82%
SUtahSalt Lake City
81%
JMississippiJackson
80%
COhioColumbus
77%
RNorth CarolinaRaleigh
77%
KMissouriKansas City
76%
MMinnesotaMinneapolis
76%
BAlabamaBirmingham
75%
ETexasEl Paso
71%
NNew JerseyNewark
70%
TArizonaTucson
70%
LNebraskaLincoln
69%
WKansasWichita
63%
VVirginiaVirginia Beach
49%
YNew YorkYonkers
49%
UNew YorkUtica
46%
FFloridaFort Lauderdale
43%
GMichiganGrand Rapids
42%
QMassachusettsQuincy
38%
ICaliforniaIrvine
34%
XOhioXenia
28%
ZOhioZanesville
15%

Score Distribution

Percentile by Number Answered

Percent of People with Each Score

Your Score History

You have not taken this quiz since the last reset